<?xml version="1.0" encoding="UTF-8"?>
<record
    xmlns:xsi="http://www.w3.org/2001/XMLSchema-instance"
    xsi:schemaLocation="http://www.loc.gov/MARC21/slim http://www.loc.gov/standards/marcxml/schema/MARC21slim.xsd"
    xmlns="http://www.loc.gov/MARC21/slim">

  <leader>01743nam a2200277 a 4500</leader>
  <controlfield tag="001">000017968</controlfield>
  <controlfield tag="005">20200929165310.0</controlfield>
  <controlfield tag="008">100408s1997    ne c          001 0cspa d</controlfield>
  <datafield tag="020" ind1=" " ind2=" ">
    <subfield code="a">9076076014</subfield>
  </datafield>
  <datafield tag="040" ind1=" " ind2=" ">
    <subfield code="a">DO-SdBNP</subfield>
    <subfield code="b">spa</subfield>
    <subfield code="c">BNPHU</subfield>
  </datafield>
  <datafield tag="082" ind1=" " ind2=" ">
    <subfield code="a">929.2</subfield>
    <subfield code="b">E77v</subfield>
  </datafield>
  <datafield tag="100" ind1="1" ind2=" ">
    <subfield code="a">Espinal Mota de Hoetink, Ligia,</subfield>
    <subfield code="d">1937-</subfield>
    <subfield code="9">38960</subfield>
  </datafield>
  <datafield tag="245" ind1="1" ind2="0">
    <subfield code="a">V&#xED;nculos :</subfield>
    <subfield code="b">la rueda m&#xE1;s hermosa, cr&#xF3;nica de dos familias dominicanas en los albores del siglo veinte /</subfield>
    <subfield code="c">Ligia Espinal Mota.</subfield>
  </datafield>
  <datafield tag="260" ind1=" " ind2=" ">
    <subfield code="a">Bussum, Holanda :</subfield>
    <subfield code="b">Firtst Hand,</subfield>
    <subfield code="c">1997.</subfield>
  </datafield>
  <datafield tag="300" ind1=" " ind2=" ">
    <subfield code="a">83 p. :</subfield>
    <subfield code="b">il., retrs. ;</subfield>
    <subfield code="c">25 cm.</subfield>
  </datafield>
  <datafield tag="500" ind1=" " ind2=" ">
    <subfield code="a">Incluye datos biogr&#xE1;ficos de la autora en la contracubierta.</subfield>
  </datafield>
  <datafield tag="505" ind1="0" ind2=" ">
    <subfield code="g">Pr&#xF3;logo --</subfield>
    <subfield code="t">Esbozo del trabajo --</subfield>
    <subfield code="t">Personas consultadas --</subfield>
    <subfield code="t">&#xC1;rbol geneal&#xF3;gico Familia Espinal --</subfield>
    <subfield code="t">&#xC1;rbol geneal&#xF3;gico Familia Santana --</subfield>
    <subfield code="t">Cronolog&#xED;a corta de sucesos nacionales --</subfield>
    <subfield code="t">Trasfondo general --</subfield>
    <subfield code="t">Esbozo familiar-nacional 1898 --</subfield>
    <subfield code="t">Esbozo familiar-nacional 1899 --</subfield>
    <subfield code="t">Esbozo familiar-nacional 1900 --</subfield>
    <subfield code="t">Esbozo familiar-nacional 1901 --</subfield>
    <subfield code="t">Esbozo familiar-nacional 1902 --</subfield>
    <subfield code="t">Esbozo familiar-nacional 1903 --</subfield>
    <subfield code="t">Actuaciones pol&#xED;tico-militares Gral E. Santana --</subfield>
    <subfield code="t">Esbozo familiar-nacional 1904 --</subfield>
    <subfield code="t">Punto y seguido: 1904-1925 --</subfield>
    <subfield code="t">Dinero... su escasez --</subfield>
    <subfield code="t">Los Penson --</subfield>
    <subfield code="t">"Se&#xF1;ora, que si Ud. quiere una muchachita! --</subfield>
    <subfield code="t">Yo no creo en brujas, pero ..."</subfield>
    <subfield code="t">V&#xED;nculos - La rueda m&#xE1;s hermosa --</subfield>
    <subfield code="g">Bibliograf&#xED;a --</subfield>
    <subfield code="g">Anexos.</subfield>
  </datafield>
  <datafield tag="504" ind1=" " ind2=" ">
    <subfield code="a">Incluye bibliograf&#xED;a y notas al pie de p&#xE1;ginas.</subfield>
  </datafield>
  <datafield tag="504" ind1=" " ind2=" ">
    <subfield code="a">Bibliograf&#xED;a : p. 82-83.</subfield>
  </datafield>
  <datafield tag="600" ind1="1" ind2="4">
    <subfield code="a">ESPINAL (FAMILIA)</subfield>
    <subfield code="x">GENEALOG&#xCD;A</subfield>
    <subfield code="9">38961</subfield>
  </datafield>
  <datafield tag="600" ind1="1" ind2="4">
    <subfield code="a">SANTANA (FAMILIA)</subfield>
    <subfield code="x">GENEALOG&#xCD;A</subfield>
    <subfield code="9">38962</subfield>
  </datafield>
  <datafield tag="650" ind1=" " ind2="4">
    <subfield code="a">Parentesco</subfield>
    <subfield code="9">2156</subfield>
  </datafield>
  <datafield tag="651" ind1=" " ind2="4">
    <subfield code="a">Rep&#xFA;blica Dominicana</subfield>
    <subfield code="x">Genealog&#xED;a</subfield>
    <subfield code="9">2157</subfield>
  </datafield>
  <datafield tag="910" ind1=" " ind2=" ">
    <subfield code="a">Validado. Control de calidad EMS.</subfield>
  </datafield>
  <datafield tag="049" ind1=" " ind2=" ">
    <subfield code="a">BNPD</subfield>
  </datafield>
  <datafield tag="952" ind1=" " ind2=" ">
    <subfield code="0">0</subfield>
    <subfield code="1">0</subfield>
    <subfield code="5">0</subfield>
    <subfield code="7">1</subfield>
    <subfield code="8">MO</subfield>
    <subfield code="a">PD</subfield>
    <subfield code="b">PD</subfield>
    <subfield code="c">HD</subfield>
    <subfield code="d">2010-06-25</subfield>
    <subfield code="i">LF1</subfield>
    <subfield code="l">0</subfield>
    <subfield code="o">929.2 E77v</subfield>
    <subfield code="p">17968-10</subfield>
    <subfield code="r">2020-06-25</subfield>
    <subfield code="w">2020-06-25</subfield>
    <subfield code="y">1</subfield>
    <subfield code="Z">No se presta</subfield>
  </datafield>
  <datafield tag="952" ind1=" " ind2=" ">
    <subfield code="0">0</subfield>
    <subfield code="1">0</subfield>
    <subfield code="5">0</subfield>
    <subfield code="7">1</subfield>
    <subfield code="8">MO</subfield>
    <subfield code="a">PD</subfield>
    <subfield code="b">PD</subfield>
    <subfield code="c">HD</subfield>
    <subfield code="d">2010-06-25</subfield>
    <subfield code="i">LF1</subfield>
    <subfield code="l">0</subfield>
    <subfield code="o">929.2 E77v</subfield>
    <subfield code="p">17968-20</subfield>
    <subfield code="r">2020-06-25</subfield>
    <subfield code="t">e. 2</subfield>
    <subfield code="w">2020-06-25</subfield>
    <subfield code="y">1</subfield>
    <subfield code="Z">No se presta</subfield>
  </datafield>
  <datafield tag="999" ind1=" " ind2=" ">
    <subfield code="c">17492</subfield>
    <subfield code="d">17492</subfield>
  </datafield>
</record>
